| 000 | 00404pab a2200157 454500 | ||
|---|---|---|---|
| 008 | 180718b1984 xxu||||| |||| 00| 0 eng d | ||
| 100 | _aFerraro, Vincent L. | ||
| 245 |
_aInter departmental conflict _bPRactical ways to prevent and reduce it |
||
| 260 | _c1984 | ||
| 300 | _a12-23 | ||
| 362 | _aJuly-Aug. | ||
| 650 | _aManagement | ||
| 700 | _aSheila A. Adams | ||
| 773 | _aPersonnel | ||
| 909 | _a12999 | ||
| 999 |
_c12999 _d12999 |
||